[Event "Osijek Festival op"]
[Site "Osijek"]
[Date "2008.03.07"]
[Round "1"]
[White "Horvat, Zeljko"]
[Black "Jovanovic, Zoran"]
[Result "0-1"]
[WhiteElo "2129"]
[BlackElo "2525"]
[PlyCount "112"]
[EventDate "2008.03.07"]
[EventType "team"]
[EventRounds "9"]
[EventCountry "CRO"]
[SourceTitle "CBM 123 Extra"]
[Source "ChessBase"]
[SourceDate "2008.05.06"]
[SourceVersion "1"]
[SourceVersionDate "2008.05.06"]
[SourceQuality "1"]

1. e4 c5 2. Nc3 Nc6 3. g3 g6 4. Bg2 Bg7 5. d3 d6 6. f4 e5 7. Nh3 Nge7 8. 0-0 Nd4 9. Rf2 h6 10. Be3 Be6 11. f5 gxf5 12. Qh5 Qd7 13. Raf1 f4 14. gxf4 Bg4 15. Qh4 Ng6 16. Qg3 exf4 17. Bxf4 h5 18. Bg5 Be5 19. Nd5 Ne2+ 20. Rxe2 Bxe2 21. Qxe5+ Nxe5 22. Nf6+ Kd8 23. Nxd7+ Kxd7 24. Rf2 Bg4 25. Bf6 Rhg8 26. Nf4 Be6 27. Bxe5 dxe5 28. Nxh5 Rg5 29. Ng3 Rh8 30. Bf1 Rh4 31. Be2 Bxa2 32. b3 Rf4 33. Rg2 Bb1 34. Bd1 b5 35. Ne2 Rfg4 36. Rxg4 Rxg4+ 37. Kf2 b4 38. Ng3 Rf4+ 39. Ke3 Rh4 40. Nf1 a5 41. Kd2 Rf4 42. Ne3 a4 43. bxa4 Ba2 44. h3 Be6 45. Bg4 Rf2+ 46. Kc1 Rh2 47. Kb2 Rh1 48. Nc4 f6 49. Ne3 Kd6 50. Bf5 Bf7 51. Nc4+ Bxc4 52. dxc4 Kc6 53. a5 Kb7 54. Kb3 Ka6 55. Ka4 Ra1+ 56. Kb3 Kxa5 0-1

[Event "Bosnjaci op 13th"]
[Site "Bosnjaci"]
[Date "2008.01.08"]
[Round "8"]
[White "Dubravac, Andrija"]
[Black "Horvat, Zeljko"]
[Result "1/2-1/2"]
[WhiteElo "2024"]
[BlackElo "2129"]
[PlyCount "27"]
[EventDate "2008.01.03"]
[EventType "swiss"]
[EventRounds "9"]
[EventCountry "CRO"]
[SourceTitle "CBM 122 Extra"]
[Source "ChessBase"]
[SourceDate "2008.03.04"]
[SourceVersion "1"]
[SourceVersionDate "2008.03.04"]
[SourceQuality "1"]

1. d4 Nf6 2. Nf3 g6 3. b3 Bg7 4. Bb2 0-0 5. c4 c5 6. e3 d6 7. Be2 Na6 8. 0-0 b6 9. Nbd2 Bf5 10. a3 Ne4 11. Nxe4 Bxe4 12. Nd2 Bb7 13. Qc2 Qc7 14. d5 1/2-1/2

[Event "Bosnjaci op 13th"]
[Site "Bosnjaci"]
[Date "2008.01.06"]
[Round "5"]
[White "Horvat, Zeljko"]
[Black "Bobanac, Miro"]
[Result "1/2-1/2"]
[WhiteElo "2129"]
[BlackElo "2289"]
[PlyCount "62"]
[EventDate "2008.01.03"]
[EventType "swiss"]
[EventRounds "9"]
[EventCountry "CRO"]
[SourceTitle "CBM 122 Extra"]
[Source "ChessBase"]
[SourceDate "2008.03.04"]
[SourceVersion "1"]
[SourceVersionDate "2008.03.04"]
[SourceQuality "1"]

1. e4 Nf6 2. Bc4 e6 3. e5 Nd5 4. Nf3 d6 5. d4 Nb6 6. Bd3 Be7 7. 0-0 c5 8. dxc5 dxc5 9. Qe2 Qc7 10. c4 Bd7 11. Nc3 a6 12. b3 Bc6 13. Ne4 Bxe4 14. Bxe4 Nc6 15. Bb2 h6 16. Rad1 Nd7 17. Bxc6 Qxc6 18. Rd3 0-0-0 19. Rfd1 Nb8 20. Rxd8+ Rxd8 21. Rxd8+ Bxd8 22. Nd2 Bc7 23. Ne4 Nd7 24. f4 Kd8 25. g3 Ke7 26. Qe3 b5 27. Ba3 Bb6 28. Qd3 Bc7 29. Qe3 Bb6 30. Qd3 Bc7 31. Qe3 Bb6 1/2-1/2